Computational intelligence : (Record no. 11733)
[ view plain ]
| 000 -LEADER | |
|---|---|
| fixed length control field | 01917cam a22003737a 4500 |
| 001 - CONTROL NUMBER | |
| control field | 15149088 |
| 005 - DATE AND TIME OF LATEST TRANSACTION | |
| control field | 20161227105015.0 |
| 008 - FIXED-LENGTH DATA ELEMENTS--GENERAL INFORMATION | |
| fixed length control field | 080122s2008 gw a b 000 0 eng d |
| 010 ## - LIBRARY OF CONGRESS CONTROL NUMBER | |
| LC control number | 2008921395 |
| 020 ## - INTERNATIONAL STANDARD BOOK NUMBER | |
| International Standard Book Number | 9783540762881 |
| 020 ## - INTERNATIONAL STANDARD BOOK NUMBER | |
| International Standard Book Number | 9783540762874 |
| 035 ## - SYSTEM CONTROL NUMBER | |
| System control number | (OCoLC)ocn181090642 |
| 040 ## - CATALOGING SOURCE | |
| Original cataloging agency | YDXCP |
| Transcribing agency | YDXCP |
| Modifying agency | BTCTA |
| -- | BAKER |
| -- | BWX |
| -- | OCLCQ |
| -- | IXA |
| -- | DLC |
| 041 1# - LANGUAGE CODE | |
| Language code of text/sound track or separate title | eng |
| Language code of original and/or intermediate translations of text | pol |
| 042 ## - AUTHENTICATION CODE | |
| Authentication code | lccopycat |
| 050 00 - LIBRARY OF CONGRESS CALL NUMBER | |
| Classification number | Q342 |
| Item number | .R88 2008 |
| 082 00 - DEWEY DECIMAL CLASSIFICATION NUMBER | |
| Classification number | 006.3 |
| Edition number | 22 |
| Item number | RUT |
| 100 1# - MAIN ENTRY--PERSONAL NAME | |
| 9 (RLIN) | 5779 |
| Personal name | Rutkowski, Leszek |
| 240 10 - UNIFORM TITLE | |
| Uniform title | <a href="Metody i techniki sztucznej inteligencji.">Metody i techniki sztucznej inteligencji.</a> |
| Language of a work | English |
| 245 10 - TITLE STATEMENT | |
| Title | Computational intelligence : |
| Remainder of title | Methods and techniques / |
| Statement of responsibility, etc | Leszek Rutkowski. |
| 250 ## - EDITION STATEMENT | |
| Edition statement | English ed. |
| 260 ## - PUBLICATION, DISTRIBUTION, ETC. (IMPRINT) | |
| Place of publication, distribution, etc | Berlin : |
| Name of publisher, distributor, etc | Springer, |
| Date of publication, distribution, etc | c2008. |
| 300 ## - PHYSICAL DESCRIPTION | |
| Extent | xiii, 514 p. : |
| Other physical details | ill. ; |
| Dimensions | 24 cm. |
| 500 ## - GENERAL NOTE | |
| General note | "Originally published in Polish [as] Metody i techniki sztucznej inteligencji by Leszek Rutkowski, 2005 Polish Scientific Publishers PWN"--T.p. verso. |
| 504 ## - BIBLIOGRAPHY, ETC. NOTE | |
| Bibliography, etc | Includes bibliographical references. |
| 505 0# - FORMATTED CONTENTS NOTE | |
| Formatted contents note | Introduction -- Selected issues of artificial intelligence -- Methods of knowledge representation using rough sets -- Methods of knowledge representation using type-1 fuzzy sets -- Methods of knowledge representation using type-2 fuzzy sets -- Neural networks and their learning algorithms -- Evolutionary algorithms -- Data clustering methods -- Neuro-fuzzy systems of Mamdani, logical and Takagi-Sugeno type -- Flexible neuro-fuzzy systems. |
| 650 #0 - SUBJECT ADDED ENTRY--TOPICAL TERM | |
| Topical term or geographic name as entry element | Soft computing. |
| 9 (RLIN) | 5781 |
| 650 #0 - SUBJECT ADDED ENTRY--TOPICAL TERM | |
| Topical term or geographic name as entry element | Artificial intelligence. |
| 9 (RLIN) | 5782 |
| 650 #0 - SUBJECT ADDED ENTRY--TOPICAL TERM | |
| 9 (RLIN) | 5780 |
| Topical term or geographic name as entry element | Computational intelligence |
| 856 42 - ELECTRONIC LOCATION AND ACCESS | |
| Materials specified | Publisher description |
| Uniform Resource Identifier | <a href="http://www.loc.gov/catdir/enhancements/fy0907/2008921395-d.html">http://www.loc.gov/catdir/enhancements/fy0907/2008921395-d.html</a> |
| 856 41 - ELECTRONIC LOCATION AND ACCESS | |
| Materials specified | Table of contents only |
| Uniform Resource Identifier | <a href="http://www.loc.gov/catdir/enhancements/fy0907/2008921395-t.html">http://www.loc.gov/catdir/enhancements/fy0907/2008921395-t.html</a> |
| 942 ## - ADDED ENTRY ELEMENTS (KOHA) | |
| Source of classification or shelving scheme | Dewey Decimal Classification |
| Item type | Book - Borrowing |
| Withdrawn status | Item status | Source of classification or shelving scheme | Damaged status | Not for loan | Vendor | Home library | Current library | Shelving location | Date acquired | Source of acquisition | Cost, normal purchase price | Serial Enumeration / chronology | Total Checkouts | Total Renewals | Full call number | Barcode | Checked out | Date last seen | Date last borrowed | Koha item type |
|---|---|---|---|---|---|---|---|---|---|---|---|---|---|---|---|---|---|---|---|---|
| Dewey Decimal Classification | Baccah | Central Library | Central Library | Lower Floor | 07/06/2009 | 560.00 | 7073 | 7 | 41 | 006.3 RUT | 000016576 | 09/03/2024 | 07/02/2024 | 07/02/2024 | Book - Borrowing |